[Event "Senica op 3rd"]
[Site "Senica"]
[Date "2011.08.24"]
[Round "5"]
[White "Otepka, Vladimir"]
[Black "Olvecky, Jaroslav"]
[Result "0-1"]
[WhiteElo "1878"]
[BlackElo "1865"]
[PlyCount "78"]
[EventDate "2011.08.21"]
[EventType "swiss"]
[EventRounds "9"]
[EventCountry "SVK"]
[SourceTitle "CBM 144 Extra"]
[Source "ChessBase"]
[SourceDate "2011.10.28"]
[SourceVersion "1"]
[SourceVersionDate "2011.10.28"]
[SourceQuality "1"]

1. d4 d5 2. c4 c6 3. Nf3 Nf6 4. Nc3 e6 5. Bg5 Nbd7 6. e3 Bd6 7. Bd3 h6 8. Bh4 Qe7 9. Qc2 dxc4 10. Bxc4 Nb6 11. Bd3 Bd7 12. a3 Qd8 13. Ne4 Be7 14. Nc5 Qc8 15. 0-0 0-0 16. Ne5 Be8 17. Rac1 Nbd7 18. Ncxd7 Bxd7 19. Qe2 Qd8 20. Rc2 Nd5 21. Bxe7 Qxe7 22. Rfc1 Rfd8 23. Be4 Be8 24. Qc4 Nf6 25. Bf3 Nd7 26. Nd3 e5 27. dxe5 Nxe5 28. Nxe5 Qxe5 29. g3 Bd7 30. Kg2 Bf5 31. Qc5 Qe6 32. Re2 Bh3+ 33. Kg1 Rd6 34. Rce1 b6 35. Qb4 Rad8 36. Qe4 Qxe4 37. Bxe4 Rd2 38. f3 Rxe2 39. Rxe2 Rd1+ 0-1

[Event "Senica op 3rd"]
[Site "Senica"]
[Date "2011.08.22"]
[Round "2"]
[White "Otepka, Vladimir"]
[Black "Jarabek, Milan"]
[Result "1-0"]
[WhiteElo "1878"]
[BlackElo "1532"]
[PlyCount "73"]
[EventDate "2011.08.21"]
[EventType "swiss"]
[EventRounds "9"]
[EventCountry "SVK"]
[SourceTitle "CBM 144 Extra"]
[Source "ChessBase"]
[SourceDate "2011.10.28"]
[SourceVersion "1"]
[SourceVersionDate "2011.10.28"]
[SourceQuality "1"]

1. d4 Nf6 2. c4 g6 3. Nc3 Bg7 4. e4 d6 5. f3 Nbd7 6. Be3 0-0 7. g4 e5 8. d5 Qe7 9. Qd2 h5 10. h3 Re8 11. 0-0-0 a6 12. Bd3 Kh7 13. Nge2 Qf8 14. Rdg1 b6 15. Kb1 Bb7 16. Rg2 Qh8 17. Rhg1 Kg8 18. Ng3 Kf8 19. Nf5 gxf5 20. gxf5 Ke7 21. Rxg7 Rg8 22. Rxg8 Rxg8 23. Rxg8 Qxg8 24. Bg5 Qg7 25. h4 Nf8 26. Ne2 N8h7 27. Ng3 Ke8 28. Be2 Kd7 29. Qe3 Qf8 30. f4 Ng4 31. Bxg4 hxg4 32. f6 Bc8 33. Qe2 Kd8 34. f5 Qh8 35. Qxg4 Ke8 36. Qh5 Qg8 37. Qh6 1-0

[Event "Senica op 3rd"]
[Site "Senica"]
[Date "2011.08.21"]
[Round "1"]
[White "Hausner, Ivan"]
[Black "Otepka, Vladimir"]
[Result "1-0"]
[WhiteElo "2419"]
[BlackElo "1878"]
[PlyCount "87"]
[EventDate "2011.08.21"]
[EventType "swiss"]
[EventRounds "9"]
[EventCountry "SVK"]
[SourceTitle "CBM 144 Extra"]
[Source "ChessBase"]
[SourceDate "2011.10.28"]
[SourceVersion "1"]
[SourceVersionDate "2011.10.28"]
[SourceQuality "1"]

1. c4 Nf6 2. Nc3 d5 3. cxd5 Nxd5 4. g3 g6 5. Bg2 c6 6. d4 Bg7 7. e4 Nxc3 8. bxc3 0-0 9. Ne2 Be6 10. 0-0 Bc4 11. Re1 Nd7 12. Ba3 Re8 13. e5 Nb6 14. Qd2 Qc7 15. Qb2 Nd5 16. Rab1 b6 17. Nc1 Rab8 18. Nb3 Bh6 19. Nd2 Bxd2 20. Qxd2 Kg7 21. Bc1 e6 22. Qh6+ Kg8 23. Bg5 f5 24. exf6 Qf7 25. Bxd5 Bxd5 26. Rb2 Rb7 27. Qh4 Reb8 28. Bf4 Rd8 29. Be5 Rdd7 30. Qf4 Qf8 31. h4 Qa3 32. Qd2 c5 33. h5 cxd4 34. Bxd4 Kf7 35. Qh6 Kg8 36. Rbe2 Qf8 37. Qg5 Kf7 38. hxg6+ hxg6 39. Qh4 Qg8 40. f4 Kf8 41. Qh6+ Ke8 42. Qg5 Kf8 43. f7 Qxf7 44. Rh2 1-0

[Event "Brezova op"]
[Site "Brezova pod Bradlom"]
[Date "2010.08.29"]
[Round "9"]
[White "Danada, Tomas"]
[Black "Otepka, Vladimir"]
[Result "1-0"]
[WhiteElo "1837"]
[BlackElo "1932"]
[PlyCount "77"]
[EventDate "2010.08.22"]
[EventType "swiss"]
[EventRounds "9"]
[EventCountry "SVK"]
[SourceTitle "CBM 138 Extra"]
[Source "ChessBase"]
[SourceDate "2010.10.29"]
[SourceVersion "1"]
[SourceVersionDate "2010.10.29"]
[SourceQuality "1"]

1. d4 d5 2. Nc3 Nf6 3. Bg5 e6 4. e4 dxe4 5. Nxe4 Be7 6. Bxf6 Bxf6 7. Nf3 0-0 8. c3 b6 9. Bd3 Bb7 10. Qc2 g6 11. Nxf6+ Qxf6 12. Be4 Nc6 13. Ne5 Nxe5 14. Bxb7 Rab8 15. dxe5 Qxe5+ 16. Qe4 Qb5 17. 0-0-0 Rbd8 18. Bc6 Rxd1+ 19. Rxd1 Qg5+ 20. Kb1 Qh5 21. Qf3 Qxh2 22. Qh3 Qf4 23. Rh1 h5 24. Qh4 Qxh4 25. Rxh4 Rd8 26. Rd4 Rd6 27. Rxd6 cxd6 28. Kc2 Kf8 29. Kd3 Ke7 30. Kc4 f5 31. Bf3 e5 32. Kd5 h4 33. g4 hxg3 34. fxg3 g5 35. a4 g4 36. Be2 Kd7 37. Bd3 e4 38. Bxe4 fxe4 39. Kxe4 1-0

[Event "Brezova op"]
[Site "Brezova pod Bradlom"]
[Date "2010.08.27"]
[Round "7"]
[White "Jacko, Vladimir"]
[Black "Otepka, Vladimir"]
[Result "1-0"]
[WhiteElo "2140"]
[BlackElo "1932"]
[PlyCount "49"]
[EventDate "2010.08.22"]
[EventType "swiss"]
[EventRounds "9"]
[EventCountry "SVK"]
[SourceTitle "CBM 138 Extra"]
[Source "ChessBase"]
[SourceDate "2010.10.29"]
[SourceVersion "1"]
[SourceVersionDate "2010.10.29"]
[SourceQuality "1"]

1. d4 Nf6 2. Nf3 e6 3. Bg5 d5 4. e3 c6 5. Bd3 Nbd7 6. Nbd2 Be7 7. 0-0 h6 8. Bh4 0-0 9. c3 Re8 10. Ne5 c5 11. f4 cxd4 12. exd4 g6 13. Rf3 Nh5 14. Bxe7 Qxe7 15. Qe2 Nf8 16. Raf1 f5 17. Rh3 Qh7 18. g4 Ng7 19. Ndf3 Re7 20. Qg2 a6 21. Kh1 Ne8 22. Rg1 Nd6 23. gxf5 exf5 24. Ng5 Qg7 25. Qxd5+ 1-0

[Event "Brezova op"]
[Site "Brezova pod Bradlom"]
[Date "2010.08.25"]
[Round "5"]
[White "Paulicka, Ivan"]
[Black "Otepka, Vladimir"]
[Result "1/2-1/2"]
[WhiteElo "1816"]
[BlackElo "1932"]
[PlyCount "89"]
[EventDate "2010.08.22"]
[EventType "swiss"]
[EventRounds "9"]
[EventCountry "SVK"]
[SourceTitle "CBM 138 Extra"]
[Source "ChessBase"]
[SourceDate "2010.10.29"]
[SourceVersion "1"]
[SourceVersionDate "2010.10.29"]
[SourceQuality "1"]

1. d4 Nf6 2. Nf3 c6 3. c4 d5 4. Nc3 e6 5. Bg5 Nbd7 6. cxd5 exd5 7. e3 Qa5 8. Qa4 Bb4 9. Qxa5 Bxa5 10. Nd2 0-0 11. Bd3 Re8 12. 0-0 h6 13. Bf4 Nf8 14. Nb3 Bd8 15. Na4 Ne6 16. Be5 Ng4 17. Bg3 g6 18. Rad1 Bc7 19. Bxc7 Nxc7 20. Nd2 Nf6 21. b4 Ne6 22. Nb3 Ng5 23. Nc3 Nge4 24. a4 Nd6 25. b5 Bf5 26. Bxf5 Nxf5 27. bxc6 bxc6 28. Nc5 Nd6 29. Rb1 Rab8 30. Rxb8 Rxb8 31. Rb1 Rxb1+ 32. Nxb1 Kf8 33. a5 Ke8 34. Na3 Kd8 35. Nc2 Nc4 36. Nb3 Kc7 37. Kf1 Nd7 38. Ke2 f5 39. Kd3 Nd6 40. f3 Nb7 41. Nb4 g5 42. h3 h5 43. g4 hxg4 44. hxg4 fxg4 45. fxg4 1/2-1/2

[Event "Brezova op"]
[Site "Brezova pod Bradlom"]
[Date "2010.08.23"]
[Round "2"]
[White "Otepka, Vladimir"]
[Black "Petrigacova, Daniela"]
[Result "1-0"]
[WhiteElo "1932"]
[BlackElo "1798"]
[PlyCount "39"]
[EventDate "2010.08.22"]
[EventType "swiss"]
[EventRounds "9"]
[EventCountry "SVK"]
[SourceTitle "CBM 138 Extra"]
[Source "ChessBase"]
[SourceDate "2010.10.29"]
[SourceVersion "1"]
[SourceVersionDate "2010.10.29"]
[SourceQuality "1"]

1. d4 Nf6 2. c4 g6 3. Nc3 Bg7 4. e4 d6 5. h3 0-0 6. Be3 e5 7. Nf3 Nc6 8. Be2 Re8 9. d5 Ne7 10. Qd2 Nd7 11. g4 Rf8 12. 0-0-0 Nc5 13. Rdg1 a5 14. h4 f5 15. gxf5 gxf5 16. Bh6 Rf7 17. Bxg7 Rxg7 18. Rxg7+ Kxg7 19. Qg5+ Kh8 20. Qf6+ 1-0

[Event "Brezova op"]
[Site "Brezova pod Bradlom"]
[Date "2010.08.22"]
[Round "1"]
[White "Mazur, Stefan"]
[Black "Otepka, Vladimir"]
[Result "1-0"]
[WhiteElo "2419"]
[BlackElo "1932"]
[PlyCount "57"]
[EventDate "2010.08.22"]
[EventType "swiss"]
[EventRounds "9"]
[EventCountry "SVK"]
[SourceTitle "CBM 138 Extra"]
[Source "ChessBase"]
[SourceDate "2010.10.29"]
[SourceVersion "1"]
[SourceVersionDate "2010.10.29"]
[SourceQuality "1"]

1. e4 c5 2. Nf3 Nc6 3. Bb5 e6 4. 0-0 Nf6 5. e5 Nd5 6. Nc3 Nc7 7. Bxc6 bxc6 8. d3 d5 9. exd6 Bxd6 10. Ng5 0-0 11. Qh5 h6 12. Nge4 f5 13. Nxd6 Qxd6 14. f4 Qd4+ 15. Kh1 Qf6 16. Be3 Na6 17. Rae1 Rb8 18. Na4 Qe7 19. b3 Bd7 20. Bf2 Be8 21. Qe2 Bf7 22. Qe5 Qd7 23. Bxc5 Rfd8 24. Ba3 Kh7 25. Bb2 Bg8 26. Rf3 Rb7 27. Rg3 Qf7 28. Qa5 Nc7 29. Rxg7+ 1-0